000 00710nam a2200289Ia 4500
005 20260324121155.0
008 008 260324s9999 xx 000 0 eng d
020 _a9781315755434
037 _aEBOOK
040 _aCRL
040 _beng
040 _cCRL
041 _2eng
041 _aeng
084 _qCRL
100 _aIan Thompson
_91155242
245 0 _aDesigning Tasks in Secondary Education
245 0 _bEnhancing subject understanding and student engagement
260 _bTaylor and Francis
260 _c2014
365 _a
365 _b230
856 _uhttp://www.taylorfrancis.com/books/9781315755434
942 _cEBOOK
999 _c1753413
_d1753413